| 000 | 01916ncm0a22003731 4500 | ||
|---|---|---|---|
| 001 | RU\NLR\ONIZ\214473 | ||
| 005 | 20250625215145.0 | ||
| 013 | _a979-0-706400-53-2 | ||
| 035 | _aRU\NLR\ONIZ\GALA\5000028553\20160811173802 | ||
| 035 | _a(NLR Aleph) 011200807 | ||
| 071 | 2 | 0 | _aс 6386 к |
| 090 |
_a11921380 _c11921380 |
||
| 100 | _a20160811d2012 |||y0rusy50 ca | ||
| 101 | 0 | _arus | |
| 102 | _aRU | ||
| 125 | _aax | ||
| 200 | 1 |
_aОсенний натюрморт _bНоты _dAutumnal still life _eпьесы для баяна (аккордеона) _eучеб. заведения проф. и доп. образования _fВ. Кароник _gпредисл. А. Сухоцкого _zeng |
|
| 210 |
_aСанкт-Петербург _cКомпозитор - Санкт-Петербург _d2012 |
||
| 215 |
_a41 с. _d29 см |
||
| 327 | 1 | _a1. Осенний натюрморт; 2. Адажио; 3. Осеннее одиночество; 4. Непринуждённость; 5. Нежность; 6. Изящество и грациозность; 7. Элегантность; 8. Грусть; 9. Экспромт; 10. Грустный вечер; 11. Грядущий день; 12. Осенний вечер в Имарте | |
| 686 |
_aЩ954.698я44(2Р=Рус) _vLBC/SL _2rubbk |
||
| 686 |
_aЩ954.798я44(2Р=Рус) _vLBC/SL _2rubbk |
||
| 700 | 1 |
_9z01790 _aКароник _bВ. Н. _f1945- _gВиталий Николаевич _4230 _7ca |
|
| 702 | 1 |
_9z03790 _aСухоцкий _bА. А. _f1941- _gАлександр Александрович _4080 |
|
| 790 | 1 |
_9z01700 _aKaronik _bV. N. _f1945- _gVitalij Nikolaevich _4230 |
|
| 790 | 1 |
_9z03702 _aSuxoczkij _bA. _f1941- _gAleksandr _4080 |
|
| 801 | 0 |
_aRU _bNLR _c20160811 _gPSBO |
|
| 801 | 1 |
_aRU _bNLR _c20160811 _2rusmarc |
|
| 801 | 2 |
_aRU _bNLR _c20161208 |
|
| 852 |
_aNLR _bМ _jК-3/26724 _p2013-22н/370н _t1 |
||
| 942 | _cSCORE | ||
| 980 | _aNB | ||
| 980 | _aONIZ | ||